Načítá se...

Deception point

Podrobná bibliografie
Hlavní autor: Dan Brown
Médium: Printed Book
Vydáno: London Corgi Books 2009
Témata:
LEADER 00649nam a22002051a 4500
020 |a 9780552161244  |c 0.00 
040 |a SSUS - Library - Kalady 
082 |a 823  |b DAN/B 
100 |a Dan Brown  
245 |a Deception point  |h [Text] 
260 |a London  |b Corgi Books  |c 2009 
300 |a 585p. 
600 |a Literature English 
600 |a Literature 
600 |a Novel English 
600 |a Translation Chinese Novel 
852 |h 823  |i DAN/B  |p 067670  |9 350.00  |t 0 
942 |c BK 
999 |c 10033  |d 10033 
952 |0 0  |1 0  |4 0  |6 823_000000000000000_DAN_B  |7 0  |9 14665  |a SSUS  |b SSUS  |d 2015-01-08  |g 350.00  |l 4  |o 823 DAN/B  |p 067670  |r 2019-12-19  |s 2019-11-26  |v 0.00  |w 2015-01-08  |y BK